[Event "181st Stay Safe Play From Home series"]
[Site "T#646401Emanuel Laske"]
[Date "2020.05.28"]
[Round "4"]
[White "Lazieri3"]
[Black "Weltszmerc"]
[Result "0-1"]
[WhiteElo "2065"]
[BlackElo "1980"]
[Annotator "NA"]
[PlyCount "140"]
[EventDate "2020.05.28"]
[EventType "swiss (blitz)"]

1. e4 {[%emt 0:00:01]} Nf6 {[%emt 0:00:00]} 2. Nc3 {[%emt 0:00:00]} d5 {[%emt 0:00:01]} 3. exd5 {[%emt 0:00:00]} Nxd5 {[%emt 0:00:00]} 4. Nxd5 {[%emt 0:00:00]} Qxd5 {[%emt 0:00:00]} 5. Qf3 {[%emt 0:00:00]} c6 {[%emt 0:00:00]} 6. Qxd5 {[%emt 0:00:01]} cxd5 {[%emt 0:00:00]} 7. d4 {[%emt 0:00:00]} Nc6 {[%emt 0:00:00]} 8. c3 {[%emt 0:00:01]} Bg4 {[%emt 0:00:01]} 9. h3 {[%emt 0:00:01]} Bh5 {[%emt 0:00:01]} 10. Bf4 {[%emt 0:00:00]} e6 {[%emt 0:00:01]} 11. Be2 {[%emt 0:00:01]} Bg6 {[%emt 0:00:01]} 12. Nf3 {[%emt 0:00:01]} Be7 {[%emt 0:00:01]} 13. Ne5 {[%emt 0:00:01]} O-O {[%emt 0:00:04]} 14. Nxg6 {[%emt 0:00:01]} hxg6 {[%emt 0:00:00]} 15. O-O {[%emt 0:00:01]} Rac8 {[%emt 0:00:01]} 16. b3 {[%emt 0:00:01]} Na5 {[%emt 0:00:01]} 17. Rfc1 {[%emt 0:00:01]} Ba3 {[%emt 0:00:01]} 18. Rc2 {[%emt 0:00:01]} a6 {[%emt 0:00:01]} 19. Bc1 {[%emt 0:00:02]} Bd6 {[%emt 0:00:02]} 20. Bb2 {[%emt 0:00:01]} b5 {[%emt 0:00:01]} 21. Rac1 {[%emt 0:00:01]} Rc7 {[%emt 0:00:01]} 22. Kf1 {[%emt 0:00:02]} Rfc8 {[%emt 0:00:01]} 23. Ke1 {[%emt 0:00:00]} Bf4 {[%emt 0:00:01]} 24. Rd1 {[%emt 0:00:01]} Rc6 {[%emt 0:00:01]} 25. g3 {[%emt 0:00:00]} Bd6 {[%emt 0:00:01]} 26. f4 {[%emt 0:00:01]} Kf8 {[%emt 0:00:01]} 27. Kd2 {[%emt 0:00:01]} g5 {[%emt 0:00:01]} 28. Ke3 {[%emt 0:00:01]} gxf4+ {[%emt 0:00:01]} 29. gxf4 {[%emt 0:00:00]} Ke7 {[%emt 0:00:00]} 30. Rdc1 {[%emt 0:00:01]} Rh8 {[%emt 0:00:02]} 31. Bf1 {[%emt 0:00:02]} f6 {[%emt 0:00:03]} 32. c4 {[%emt 0:00:01]} dxc4 {[%emt 0:00:01]} 33. bxc4 {[%emt 0:00:00]} Nxc4+ {[%emt 0:00:01]} 34. Bxc4 {[%emt 0:00:01]} bxc4 {[%emt 0:00:01]} 35. Rxc4 {[%emt 0:00:04]} Rxh3+ {[%emt 0:00:02]} 36. Kf2 {[%emt 0:00:01]} Rxc4 {[%emt 0:00:03]} 37. Rxc4 {[%emt 0:00:02]} Rh2+ {[%emt 0:00:01]} 38. Kg3 {[%emt 0:00:01]} Rxb2 {[%emt 0:00:00]} 39. Ra4 {[%emt 0:00:01]} Rb6 {[%emt 0:00:01]} 40. Kf3 {[%emt 0:00:01]} g6 {[%emt 0:00:01]} 41. Ke3 {[%emt 0:00:01]} f5 {[%emt 0:00:01]} 42. Ra5 {[%emt 0:00:02]} Kf6 {[%emt 0:00:01]} 43. Kd3 {[%emt 0:00:01]} g5 {[%emt 0:00:00]} 44. fxg5+ {[%emt 0:00:01]} Kxg5 {[%emt 0:00:00]} 45. d5 {[%emt 0:00:00]} e5 {[%emt 0:00:01]} 46. Ra4 {[%emt 0:00:02]} e4+ {[%emt 0:00:00]} 47. Kd4 {[%emt 0:00:01]} Kf4 {[%emt 0:00:02]} 48. Rc4 {[%emt 0:00:02]} Rb4 {[%emt 0:00:01]} 49. Rxb4 {[%emt 0:00:01]} Bxb4 {[%emt 0:00:00]} 50. Kc4 {[%emt 0:00:00]} Bd6 {[%emt 0:00:00]} 51. a4 {[%emt 0:00:01]} Ke5 {[%emt 0:00:00]} 52. a5 {[%emt 0:00:01]} f4 {[%emt 0:00:00]} 53. Kc3 {[%emt 0:00:01]} Kxd5 {[%emt 0:00:00]} 54. Kd2 {[%emt 0:00:00]} Bc7 {[%emt 0:00:00]} 55. Ke2 {[%emt 0:00:00]} Bxa5 {[%emt 0:00:00]} 56. Kf2 {[%emt 0:00:00]} Bb6+ {[%emt 0:00:00]} 57. Ke2 {[%emt 0:00:00]} Bd4 {[%emt 0:00:00]} 58. Kd1 {[%emt 0:00:00]} a5 {[%emt 0:00:00]} 59. Ke2 {[%emt 0:00:00]} a4 {[%emt 0:00:00]} 60. Kd2 {[%emt 0:00:00]} f3 {[%emt 0:00:00]} 61. Kc2 {[%emt 0:00:00]} f2 {[%emt 0:00:00]} 62. Kb1 {[%emt 0:00:00]} a3 {[%emt 0:00:00]} 63. Ka2 {[%emt 0:00:00]} e3 {[%emt 0:00:00]} 64. Kxa3 {[%emt 0:00:00]} e2 {[%emt 0:00:00]} 65. Kb3 {[%emt 0:00:00]} e1=Q {[%emt 0:00:00]} 66. Ka4 {[%emt 0:00:00]} f1=Q {[%emt 0:00:00]} 67. Kb3 {[%emt 0:00:02]} Qb1+ {[%emt 0:00:00]} 68. Ka3 {[%emt 0:00:01]} Qfc1+ {[%emt 0:00:01]} 69. Ka4 {[%emt 0:00:01]} Qc4+ {[%emt 0:00:00]} 70. Ka5 {[%emt 0:00:01]} Qcb5# {[%emt 0:00:01] (Lag: Av=0.86s, max=1.6s)} 0-1

[Event "181st Stay Safe Play From Home series"]
[Site "T#646401Emanuel Laske"]
[Date "2020.05.28"]
[Round "4"]
[White "Emresenar"]
[Black "SoulofWolf"]
[Result "1-0"]
[WhiteElo "1757"]
[BlackElo "2141"]
[Annotator "NA"]
[PlyCount "61"]
[EventDate "2020.05.28"]
[EventType "swiss (blitz)"]

1. e4 {[%emt 0:00:01]} c5 {[%emt 0:00:00]} 2. Nf3 {[%emt 0:00:01]} e6 {[%emt 0:00:00]} 3. Bc4 {[%emt 0:00:00]} d5 {[%emt 0:00:01]} 4. exd5 {[%emt 0:00:00]} exd5 {[%emt 0:00:00]} 5. Bb5+ {[%emt 0:00:00]} Bd7 {[%emt 0:00:00]} 6. Bxd7+ {[%emt 0:00:02]} Nxd7 {[%emt 0:00:00]} 7. O-O {[%emt 0:00:01]} Be7 {[%emt 0:00:00]} 8. Re1 {[%emt 0:00:00]} Ngf6 {[%emt 0:00:00]} 9. d4 {[%emt 0:00:00]} O-O {[%emt 0:00:01]} 10. dxc5 {[%emt 0:00:01]} Bxc5 {[%emt 0:00:00]} 11. Nc3 {[%emt 0:00:01]} Nb6 {[%emt 0:00:01]} 12. Bg5 {[%emt 0:00:01]} h6 {[%emt 0:00:00]} 13. Bh4 {[%emt 0:00:01]} d4 {[%emt 0:00:03]} 14. Ne4 {[%emt 0:00:02]} Be7 {[%emt 0:00:01]} 15. Qxd4 {[%emt 0:00:07]} Nxe4 {[%emt 0:00:05]} 16. Bxe7 {[%emt 0:00:03]} Qxe7 {[%emt 0:00:01]} 17. Qxe4 {[%emt 0:00:05]} Qf6 {[%emt 0:00:01]} 18. c4 {[%emt 0:00:05]} Rab8 {[%emt 0:00:06]} 19. b3 {[%emt 0:00:02]} Rfd8 {[%emt 0:00:05]} 20. Rad1 {[%emt 0:00:04]} Nd7 {[%emt 0:00:01]} 21. h3 {[%emt 0:00:09]} Qb2 {[%emt 0:00:02]} 22. Rd2 {[%emt 0:00:02]} Qa3 {[%emt 0:00:01]} 23. Red1 {[%emt 0:00:01]} g6 {[%emt 0:00:09]} 24. Rxd7 {[%emt 0:00:01]} Rxd7 {[%emt 0:00:00]} 25. Rxd7 {[%emt 0:00:01]} Qc1+ {[%emt 0:00:01]} 26. Kh2 {[%emt 0:00:01]} Rf8 {[%emt 0:00:01]} 27. Qd4 {[%emt 0:00:01]} Qf1 {[%emt 0:00:05]} 28. Ne5 {[%emt 0:00:01]} Qe2 {[%emt 0:00:03]} 29. Nxg6 {[%emt 0:00:01]} Qe5+ {[%emt 0:00:05]} 30. Qxe5 {[%emt 0:00:02]} fxg6 {[%emt 0:00:00]} 31. Qg7# {[%emt 0:00:01] (Lag: Av=0.58s, max=0.7s)} 1-0

[Event "181st Stay Safe Play From Home series"]
[Site "T#646401Emanuel Laske"]
[Date "2020.05.28"]
[Round "4"]
[White "Trotsky"]
[Black "Tunca"]
[Result "1-0"]
[WhiteElo "1564"]
[BlackElo "1830"]
[Annotator "NA"]
[PlyCount "37"]
[EventDate "2020.05.28"]
[EventType "swiss (blitz)"]

1. d4 {[%emt 0:00:01]} d6 {[%emt 0:00:01]} 2. e3 {[%emt 0:00:00]} g6 {[%emt 0:00:01]} 3. c4 {[%emt 0:00:01]} Bg7 {[%emt 0:00:00]} 4. Nc3 {[%emt 0:00:01]} Nf6 {[%emt 0:00:00]} 5. Qc2 {[%emt 0:00:01]} Nbd7 {[%emt 0:00:00]} 6. Bd3 {[%emt 0:00:01]} c5 {[%emt 0:00:00]} 7. Nf3 {[%emt 0:00:01]} cxd4 {[%emt 0:00:01]} 8. exd4 {[%emt 0:00:01]} Nb6 {[%emt 0:00:00]} 9. Be3 {[%emt 0:00:01]} O-O {[%emt 0:00:00]} 10. h4 {[%emt 0:00:01]} Re8 {[%emt 0:00:00]} 11. O-O-O {[%emt 0:00:01]} h5 {[%emt 0:00:01]} 12. Ng5 {[%emt 0:00:01]} Ng4 {[%emt 0:00:01]} 13. Bxg6 {[%emt 0:00:01]} fxg6 {[%emt 0:00:02]} 14. Qxg6 {[%emt 0:00:01]} Nf6 {[%emt 0:00:08]} 15. Nce4 {[%emt 0:00:04]} e6 {[%emt 0:00:12]} 16. Nxf6+ {[%emt 0:00:03]} Qxf6 {[%emt 0:00:02]} 17. Qh7+ {[%emt 0:00:01]} Kf8 {[%emt 0:00:01]} 18. Qd3 {[%emt 0:00:04]} Bd7 {[%emt 0:00:01]} 19. Nh7+ {[%emt 0:00:01] Tunca resigns (Lag: Av=0.33s, max=1.0s)} 1-0

[Event "181st Stay Safe Play From Home series"]
[Site "T#646401Emanuel Laske"]
[Date "2020.05.28"]
[Round "5"]
[White "The Next Contender"]
[Black "Broken sword"]
[Result "0-1"]
[WhiteElo "2047"]
[BlackElo "2493"]
[PlyCount "102"]
[EventDate "2020.05.28"]
[EventType "swiss (blitz)"]

1. d4 {[%emt 0:00:02]} d5 {[%emt 0:00:01]} 2. c4 {[%emt 0:00:00]} c6 {[%emt 0:00:00]} 3. Nf3 {[%emt 0:00:01]} Nf6 {[%emt 0:00:01]} 4. e3 {[%emt 0:00:00]} Bg4 {[%emt 0:00:01]} 5. Be2 {[%emt 0:00:01]} e6 {[%emt 0:00:01]} 6. O-O {[%emt 0:00:00]} Nbd7 {[%emt 0:00:01]} 7. h3 {[%emt 0:00:01]} Bxf3 {[%emt 0:00:00]} 8. Bxf3 {[%emt 0:00:01]} dxc4 {[%emt 0:00:01]} 9. Na3 {[%emt 0:00:02]} Nb6 {[%emt 0:00:01]} 10. Qc2 {[%emt 0:00:01]} Bxa3 {[%emt 0:00:01]} 11. bxa3 {[%emt 0:00:00]} O-O {[%emt 0:00:00]} 12. Be2 {[%emt 0:00:01]} Re8 {[%emt 0:00:01]} 13. Bxc4 {[%emt 0:00:00]} Nxc4 {[%emt 0:00:00]} 14. Qxc4 {[%emt 0:00:00]} Qd5 {[%emt 0:00:00]} 15. Qc2 {[%emt 0:00:01]} b6 {[%emt 0:00:01]} 16. a4 {[%emt 0:00:01]} Rac8 {[%emt 0:00:01]} 17. Ba3 {[%emt 0:00:01]} Ne4 {[%emt 0:00:02]} 18. Rac1 {[%emt 0:00:01]} c5 {[%emt 0:00:03]} 19. dxc5 {[%emt 0:00:01]} Nxc5 {[%emt 0:00:00]} 20. Bxc5 {[%emt 0:00:01]} Rxc5 {[%emt 0:00:00]} 21. Qb3 {[%emt 0:00:01]} Qxb3 {[%emt 0:00:02]} 22. axb3 {[%emt 0:00:01]} Rec8 {[%emt 0:00:00]} 23. Rxc5 {[%emt 0:00:01]} Rxc5 {[%emt 0:00:00]} 24. Rd1 {[%emt 0:00:00]} g6 {[%emt 0:00:00]} 25. Rd7 {[%emt 0:00:01]} a5 {[%emt 0:00:01]} 26. Rb7 {[%emt 0:00:01]} Rc6 {[%emt 0:00:00]} 27. Kf1 {[%emt 0:00:01]} Kg7 {[%emt 0:00:00]} 28. Ke2 {[%emt 0:00:00]} Rc2+ {[%emt 0:00:01]} 29. Kf3 {[%emt 0:00:01]} Rc6 {[%emt 0:00:00]} 30. Ke4 {[%emt 0:00:01]} Kf6 {[%emt 0:00:00]} 31. Kd4 {[%emt 0:00:01]} h5 {[%emt 0:00:00]} 32. f3 {[%emt 0:00:02]} g5 {[%emt 0:00:01]} 33. g4 {[%emt 0:00:01]} h4 {[%emt 0:00:01]} 34. f4 {[%emt 0:00:01]} gxf4 {[%emt 0:00:01]} 35. exf4 {[%emt 0:00:00]} Kg6 {[%emt 0:00:00]} 36. Ke5 {[%emt 0:00:02]} Rc5+ {[%emt 0:00:01]} 37. Kd6 {[%emt 0:00:01]} Rc3 {[%emt 0:00:00]} 38. Rxb6 {[%emt 0:00:01]} Rxh3 {[%emt 0:00:01]} 39. Ke5 {[%emt 0:00:01]} Rg3 {[%emt 0:00:01]} 40. f5+ {[%emt 0:00:01]} Kg5 {[%emt 0:00:01]} 41. fxe6 {[%emt 0:00:01]} fxe6 {[%emt 0:00:00]} 42. Rxe6 {[%emt 0:00:01]} Rxb3 {[%emt 0:00:01]} 43. Kd5 {[%emt 0:00:05]} Rb4 {[%emt 0:00:01]} 44. Re5+ {[%emt 0:00:05]} Kxg4 {[%emt 0:00:01]} 45. Re8 {[%emt 0:00:02]} Rxa4 {[%emt 0:00:01]} 46. Rg8+ {[%emt 0:00:00]} Kh3 {[%emt 0:00:00]} 47. Kc5 {[%emt 0:00:01]} Rg4 {[%emt 0:00:01]} 48. Rf8 {[%emt 0:00:01]} Rg5+ {[%emt 0:00:01]} 49. Kb6 {[%emt 0:00:01]} Kg2 {[%emt 0:00:00]} 50. Ra8 {[%emt 0:00:01]} h3 {[%emt 0:00:00]} 51. Rh8 {[%emt 0:00:01]} h2 {[%emt 0:00:01]} 0-1

[Event "181st Stay Safe Play From Home series"]
[Site "T#646401Emanuel Laske"]
[Date "2020.05.28"]
[Round "5"]
[White "Lazieri3"]
[Black "Trotsky"]
[Result "1-0"]
[WhiteElo "2044"]
[BlackElo "1592"]
[Annotator "NA"]
[PlyCount "75"]
[EventDate "2020.05.28"]
[EventType "swiss (blitz)"]

1. e4 {[%emt 0:00:01]} c5 {[%emt 0:00:01]} 2. Nc3 {[%emt 0:00:00]} e6 {[%emt 0:00:00]} 3. d3 {[%emt 0:00:00]} d5 {[%emt 0:00:01]} 4. Nf3 {[%emt 0:00:00]} Nc6 {[%emt 0:00:01]} 5. exd5 {[%emt 0:00:01]} exd5 {[%emt 0:00:01]} 6. d4 {[%emt 0:00:00]} c4 {[%emt 0:00:01]} 7. Bf4 {[%emt 0:00:01]} Bd6 {[%emt 0:00:01]} 8. Bxd6 {[%emt 0:00:01]} Qxd6 {[%emt 0:00:01]} 9. Be2 {[%emt 0:00:01]} a6 {[%emt 0:00:01]} 10. O-O {[%emt 0:00:01]} Be6 {[%emt 0:00:01]} 11. h3 {[%emt 0:00:01]} Nf6 {[%emt 0:00:01]} 12. Re1 {[%emt 0:00:02]} O-O-O {[%emt 0:00:01]} 13. Ne5 {[%emt 0:00:01]} h5 {[%emt 0:00:01]} 14. Nxc6 {[%emt 0:00:02]} bxc6 {[%emt 0:00:01]} 15. Bf3 {[%emt 0:00:01]} Ng4 {[%emt 0:00:01]} 16. Qd2 {[%emt 0:00:03]} Qh2+ {[%emt 0:00:02]} 17. Kf1 {[%emt 0:00:00]} Qh1+ {[%emt 0:00:01]} 18. Ke2 {[%emt 0:00:01]} Qh2 {[%emt 0:00:02]} 19. hxg4 {[%emt 0:00:01]} hxg4 {[%emt 0:00:01]} 20. Rh1 {[%emt 0:00:00]} Qd6 {[%emt 0:00:02]} 21. Rxh8 {[%emt 0:00:01]} gxf3+ {[%emt 0:00:02]} 22. gxf3 {[%emt 0:00:01]} Rxh8 {[%emt 0:00:01]} 23. Rg1 {[%emt 0:00:03]} g6 {[%emt 0:00:02]} 24. Na4 {[%emt 0:00:02]} Kb7 {[%emt 0:00:03]} 25. Qa5 {[%emt 0:00:01]} Qc7 {[%emt 0:00:04]} 26. Nc5+ {[%emt 0:00:01]} Ka7 {[%emt 0:00:01]} 27. Qxa6+ {[%emt 0:00:03]} Kb8 {[%emt 0:00:01]} 28. Nxe6 {[%emt 0:00:04]} fxe6 {[%emt 0:00:01]} 29. Rxg6 {[%emt 0:00:02]} Re8 {[%emt 0:00:02]} 30. a4 {[%emt 0:00:02]} Qb7 {[%emt 0:00:10]} 31. Qxb7+ {[%emt 0:00:01]} Kxb7 {[%emt 0:00:01]} 32. b3 {[%emt 0:00:02]} Ka6 {[%emt 0:00:01]} 33. bxc4 {[%emt 0:00:02]} dxc4 {[%emt 0:00:02]} 34. Kd2 {[%emt 0:00:00]} Ka5 {[%emt 0:00:01]} 35. Kc3 {[%emt 0:00:00]} Kxa4 {[%emt 0:00:01]} 36. Kxc4 {[%emt 0:00:01]} e5 {[%emt 0:00:02]} 37. Rxc6 {[%emt 0:00:02]} exd4 {[%emt 0:00:01]} 38. Ra6# {[%emt 0:00:01] (Lag: Av=0.37s, max=0.8s)} 1-0

[Event "181st Stay Safe Play From Home series"]
[Site "T#646401Emanuel Laske"]
[Date "2020.05.28"]
[Round "5"]
[White "Weltszmerc"]
[Black "Praveen Prasad"]
[Result "1-0"]
[WhiteElo "2001"]
[BlackElo "2227"]
[Annotator "NA"]
[PlyCount "71"]
[EventDate "2020.05.28"]
[EventType "swiss (blitz)"]

1. d4 {[%emt 0:00:02]} d5 {[%emt 0:00:01]} 2. c4 {[%emt 0:00:00]} c5 {[%emt 0:00:01]} 3. Nf3 {[%emt 0:00:00]} cxd4 {[%emt 0:00:02]} 4. cxd5 {[%emt 0:00:00]} Qxd5 {[%emt 0:00:02]} 5. Qxd4 {[%emt 0:00:01]} Qxd4 {[%emt 0:00:01]} 6. Nxd4 {[%emt 0:00:00]} a6 {[%emt 0:00:00]} 7. Nc3 {[%emt 0:00:01]} e6 {[%emt 0:00:00]} 8. e4 {[%emt 0:00:01]} Bb4 {[%emt 0:00:01]} 9. Be3 {[%emt 0:00:01]} Bd7 {[%emt 0:00:01]} 10. O-O-O {[%emt 0:00:01]} Nc6 {[%emt 0:00:00]} 11. Nxc6 {[%emt 0:00:01]} Bxc6 {[%emt 0:00:00]} 12. f3 {[%emt 0:00:01]} Ne7 {[%emt 0:00:02]} 13. a3 {[%emt 0:00:01]} Bxc3 {[%emt 0:00:04]} 14. bxc3 {[%emt 0:00:00]} O-O {[%emt 0:00:00]} 15. Bc5 {[%emt 0:00:01]} Rfe8 {[%emt 0:00:00]} 16. Bd6 {[%emt 0:00:02]} Rac8 {[%emt 0:00:01]} 17. Kb2 {[%emt 0:00:01]} Ba4 {[%emt 0:00:01]} 18. Rd2 {[%emt 0:00:02]} Nc6 {[%emt 0:00:01]} 19. Be2 {[%emt 0:00:08]} e5 {[%emt 0:00:01]} 20. Bb4 {[%emt 0:00:04]} a5 {[%emt 0:00:03]} 21. Bd6 {[%emt 0:00:02]} b5 {[%emt 0:00:04]} 22. Bd1 {[%emt 0:00:01]} f6 {[%emt 0:00:02]} 23. Bxa4 {[%emt 0:00:01]} bxa4 {[%emt 0:00:03]} 24. Rhd1 {[%emt 0:00:00]} Kf7 {[%emt 0:00:02]} 25. Ka2 {[%emt 0:00:01]} Na7 {[%emt 0:00:04]} 26. Rb2 {[%emt 0:00:05]} Kg6 {[%emt 0:00:04]} 27. Rb7 {[%emt 0:00:01]} Nc6 {[%emt 0:00:01]} 28. Rc7 {[%emt 0:00:04]} Rxc7 {[%emt 0:00:04]} 29. Bxc7 {[%emt 0:00:00]} Re7 {[%emt 0:00:01]} 30. Bb6 {[%emt 0:00:02]} Rb7 {[%emt 0:00:01]} 31. Rb1 {[%emt 0:00:01]} Kf7 {[%emt 0:00:03]} 32. Be3 {[%emt 0:00:01]} Rxb1 {[%emt 0:00:02]} 33. Kxb1 {[%emt 0:00:00]} Ke6 {[%emt 0:00:01]} 34. Kc2 {[%emt 0:00:00]} Kd6 {[%emt 0:00:00]} 35. Kd3 {[%emt 0:00:00]} Kc7 {[%emt 0:00:01]} 36. Kc4 {[%emt 0:00:00] Time (Lag: Av=1.25s, max=4.1s) '} 1-0

[Event "181st Stay Safe Play From Home series"]
[Site "T#646401Emanuel Laske"]
[Date "2020.05.28"]
[Round "5"]
[White "VotaryRoma"]
[Black "Emresenar"]
[Result "1-0"]
[WhiteElo "1902"]
[BlackElo "1787"]
[Annotator "NA"]
[PlyCount "69"]
[EventDate "2020.05.28"]
[EventType "swiss (blitz)"]

1. Nf3 {[%emt 0:00:02]} d5 {[%emt 0:00:01]} 2. g3 {[%emt 0:00:00]} c5 {[%emt 0:00:01]} 3. Bg2 {[%emt 0:00:00]} Nf6 {[%emt 0:00:00]} 4. O-O {[%emt 0:00:00]} Bg4 {[%emt 0:00:01]} 5. d4 {[%emt 0:00:00]} cxd4 {[%emt 0:00:02]} 6. Qxd4 {[%emt 0:00:01]} Bxf3 {[%emt 0:00:02]} 7. Bxf3 {[%emt 0:00:01]} e6 {[%emt 0:00:00]} 8. Qa4+ {[%emt 0:00:01]} Qd7 {[%emt 0:00:02]} 9. Qb3 {[%emt 0:00:01]} Nc6 {[%emt 0:00:02]} 10. c4 {[%emt 0:00:00]} dxc4 {[%emt 0:00:04]} 11. Qxc4 {[%emt 0:00:00]} Ne5 {[%emt 0:00:04]} 12. Qf4 {[%emt 0:00:02]} Nxf3+ {[%emt 0:00:01]} 13. Qxf3 {[%emt 0:00:00]} Be7 {[%emt 0:00:02]} 14. Nc3 {[%emt 0:00:01]} O-O {[%emt 0:00:03]} 15. Rd1 {[%emt 0:00:00]} Qc7 {[%emt 0:00:04]} 16. Bf4 {[%emt 0:00:01]} Qb6 {[%emt 0:00:01]} 17. Be3 {[%emt 0:00:02]} Qxb2 {[%emt 0:00:01]} 18. Rdc1 {[%emt 0:00:00]} Rfc8 {[%emt 0:00:05]} 19. Rab1 {[%emt 0:00:01]} Qa3 {[%emt 0:00:03]} 20. Qxb7 {[%emt 0:00:01]} Rab8 {[%emt 0:00:05]} 21. Qxb8 {[%emt 0:00:01]} Rxb8 {[%emt 0:00:00]} 22. Rxb8+ {[%emt 0:00:01]} Bf8 {[%emt 0:00:01]} 23. Nb1 {[%emt 0:00:03]} Qd6 {[%emt 0:00:05]} 24. Rcc8 {[%emt 0:00:02]} Nd7 {[%emt 0:00:02]} 25. Ra8 {[%emt 0:00:02]} Qd1+ {[%emt 0:00:01]} 26. Kg2 {[%emt 0:00:02]} Qxb1 {[%emt 0:00:01]} 27. Bc5 {[%emt 0:00:01]} Qe4+ {[%emt 0:00:01]} 28. Kg1 {[%emt 0:00:02]} Qb1+ {[%emt 0:00:01]} 29. Kg2 {[%emt 0:00:01]} Qe4+ {[%emt 0:00:00]} 30. f3 {[%emt 0:00:02]} Qxe2+ {[%emt 0:00:01]} 31. Kg1 {[%emt 0:00:02]} Qd1+ {[%emt 0:00:01]} 32. Kg2 {[%emt 0:00:01]} Qe2+ {[%emt 0:00:00]} 33. Bf2 {[%emt 0:00:01]} Qb5 {[%emt 0:00:01]} 34. Rd8 {[%emt 0:00:01]} Qb7 {[%emt 0:00:01]} 35. Rac8 {[%emt 0:00:02] Zaman} 1-0

[Event "181st Stay Safe Play From Home series"]
[Site "T#646401Emanuel Laske"]
[Date "2020.05.28"]
[Round "5"]
[White "Majstor-resa"]
[Black "Lamborghini"]
[Result "0-1"]
[WhiteElo "1657"]
[BlackElo "2185"]
[Annotator "NA"]
[PlyCount "56"]
[EventDate "2020.05.28"]
[EventType "swiss (blitz)"]

1. d4 {[%emt 0:00:01]} Nf6 {[%emt 0:00:01]} 2. Nf3 {[%emt 0:00:01]} g6 {[%emt 0:00:00]} 3. Nc3 {[%emt 0:00:01]} Bg7 {[%emt 0:00:00]} 4. Bg5 {[%emt 0:00:01]} O-O {[%emt 0:00:00]} 5. e4 {[%emt 0:00:01]} d6 {[%emt 0:00:01]} 6. Bd3 {[%emt 0:00:01]} Bg4 {[%emt 0:00:01]} 7. Qd2 {[%emt 0:00:01]} Bxf3 {[%emt 0:00:01]} 8. gxf3 {[%emt 0:00:01]} Nc6 {[%emt 0:00:00]} 9. d5 {[%emt 0:00:01]} Nd4 {[%emt 0:00:01]} 10. Kd1 {[%emt 0:00:01]} Nxf3 {[%emt 0:00:01]} 11. Qe3 {[%emt 0:00:01]} Nxg5 {[%emt 0:00:01]} 12. Qxg5 {[%emt 0:00:01]} e5 {[%emt 0:00:01]} 13. h4 {[%emt 0:00:02]} Nh5 {[%emt 0:00:01]} 14. Be2 {[%emt 0:00:02]} Qxg5 {[%emt 0:00:02]} 15. hxg5 {[%emt 0:00:02]} Nf4 {[%emt 0:00:00]} 16. Bf3 {[%emt 0:00:01]} a6 {[%emt 0:00:01]} 17. Rh4 {[%emt 0:00:06]} f6 {[%emt 0:00:02]} 18. Kd2 {[%emt 0:00:01]} fxg5 {[%emt 0:00:01]} 19. Rg4 {[%emt 0:00:01]} h6 {[%emt 0:00:01]} 20. Rag1 {[%emt 0:00:03]} Rf6 {[%emt 0:00:01]} 21. Ne2 {[%emt 0:00:02]} Raf8 {[%emt 0:00:01]} 22. Nxf4 {[%emt 0:00:02]} Rxf4 {[%emt 0:00:01]} 23. Be2 {[%emt 0:00:02]} Rxf2 {[%emt 0:00:01]} 24. Ke3 {[%emt 0:00:01]} R2f4 {[%emt 0:00:01]} 25. R4g3 {[%emt 0:00:01]} h5 {[%emt 0:00:01]} 26. Rxg5 {[%emt 0:00:01]} Bh6 {[%emt 0:00:02]} 27. Kd3 {[%emt 0:00:01]} Bxg5 {[%emt 0:00:01]} 28. Rxg5 {[%emt 0:00:01]} Kh7 {[%emt 0:00:00] Majstor-resa gibt auf (Lag: Av=0.29s, max=0.4s)} 0-1

[Event "181st Stay Safe Play From Home series"]
[Site "T#646401Emanuel Laske"]
[Date "2020.05.28"]
[Round "5"]
[White "Tobo Rubirosa"]
[Black "SoulofWolf"]
[Result "0-1"]
[WhiteElo "1467"]
[BlackElo "2110"]
[Annotator "NA"]
[PlyCount "62"]
[EventDate "2020.05.28"]
[EventType "swiss (blitz)"]

1. e4 {[%emt 0:00:04]} c5 {[%emt 0:00:00]} 2. f4 {[%emt 0:00:02]} e6 {[%emt 0:00:00]} 3. d4 {[%emt 0:00:01]} cxd4 {[%emt 0:00:01]} 4. c3 {[%emt 0:00:01]} dxc3 {[%emt 0:00:01]} 5. Nxc3 {[%emt 0:00:01]} Nc6 {[%emt 0:00:00]} 6. Bc4 {[%emt 0:00:01]} a6 {[%emt 0:00:01]} 7. Nf3 {[%emt 0:00:01]} b5 {[%emt 0:00:01]} 8. Bb3 {[%emt 0:00:02]} Bb7 {[%emt 0:00:00]} 9. O-O {[%emt 0:00:01]} Qb6+ {[%emt 0:00:02]} 10. Kh1 {[%emt 0:00:03]} Na5 {[%emt 0:00:01]} 11. Qe2 {[%emt 0:00:02]} Nf6 {[%emt 0:00:02]} 12. Be3 {[%emt 0:00:01]} Bc5 {[%emt 0:00:01]} 13. Bxc5 {[%emt 0:00:07]} Qxc5 {[%emt 0:00:00]} 14. Rac1 {[%emt 0:00:02]} Nxb3 {[%emt 0:00:04]} 15. axb3 {[%emt 0:00:04]} Qb4 {[%emt 0:00:01]} 16. Qd2 {[%emt 0:00:03]} O-O {[%emt 0:00:06]} 17. Nd5 {[%emt 0:00:01]} Nxd5 {[%emt 0:00:03]} 18. exd5 {[%emt 0:00:03]} Qxd2 {[%emt 0:00:01]} 19. Nxd2 {[%emt 0:00:01]} Bxd5 {[%emt 0:00:00]} 20. Rfd1 {[%emt 0:00:02]} Bc6 {[%emt 0:00:05]} 21. Nf3 {[%emt 0:00:02]} f6 {[%emt 0:00:01]} 22. Nd4 {[%emt 0:00:02]} Rac8 {[%emt 0:00:03]} 23. Nxc6 {[%emt 0:00:01]} dxc6 {[%emt 0:00:01]} 24. Rd7 {[%emt 0:00:03]} Rf7 {[%emt 0:00:02]} 25. Rcd1 {[%emt 0:00:01]} Rxd7 {[%emt 0:00:02]} 26. Rxd7 {[%emt 0:00:01]} h6 {[%emt 0:00:00]} 27. Rd6 {[%emt 0:00:01]} Kf7 {[%emt 0:00:02]} 28. Rd7+ {[%emt 0:00:01]} Kg6 {[%emt 0:00:01]} 29. Ra7 {[%emt 0:00:02]} Kf5 {[%emt 0:00:03]} 30. Rxa6 {[%emt 0:00:02]} Kxf4 {[%emt 0:00:01]} 31. Rxc6 {[%emt 0:00:01]} Rxc6 {[%emt 0:00:01] Tiempo (Lag: Av=0.63s, max=1.0s)} 0-1